Confidencias / [por] Luz María Zesati Estrada

Na minha lista:
Detalhes bibliográficos
Autor principal: Zesati Estrada, Luz María (autor)
Formato: Livro
Assuntos:
Tags: Adicionar Tag
Sem tags, seja o primeiro a adicionar uma tag!

MARC

LEADER 00000nam^a2200000^u^4500
001 000544420
005 20250521000000.0
008 060220s1000^^^^^^^^^^^^r^^^^^000^0^spa^d
009 20260310131327.014
035 |a FMI 000013593 
037 |a Acervo Xavier Clavigero 
096 |a 3.6.2/342/C 
100 |a Zesati Estrada, Luz María  |e (autor) 
245 1 0 |a Confidencias / [por] Luz María Zesati Estrada 
264 |a México : Privada, 2001 
300 |a 135 p. 
336 |a texto  |b txt  |2 rdacontenido 
337 |a sin mediación  |b n  |2 rdamedio 
338 |a volumen  |b nc  |2 rdasoporte 
649 |a XX 
650 |a PERSONAJES CELEBRES 
910 |a Fondo Francisco Migoya Covarrubias S.J. 
920 |a Impresos - Libros 
930 |a Fondos Especiales 
905 |a 134 
901 |a SBC21581  |b IT2  |c ESP  |u 20250521 
902 |a https://opac.biblio.iteso.mx/vufind/Record/000544420